00686nam a2200181Ia 4500008004100000020001800041050002100059100002100080245007700101260002800178300002000206440003200226500004000258650005900298700003200357952009800389999001700487120721s9999 xx 000 0 und d a958-04-0002-4 aHF5548 H531 1985 aHergert, Douglas aBasic : aplicaciones comerciales / Douglas Hergert ; tr. Rodrigo Fuentes aColombia : Norma, c1985 a226 p. ; 25 cm. aComputación e informatica aTraducción de: Basic for business a1. BASIC (Lenguaje de programación para computadora) aI. Fuentes, Rodrigo, tr.Ì 00104070a08b08d2009-01-29l0oHF5548 H531 1985p08 003010r2012-07-20t1w2012-07-20yLB c82376d82376